| 000 | 00410nam a2200157 a 4500 | ||
|---|---|---|---|
| 005 | 20140310183218.0 | ||
| 008 | 050408s19uu xx 00 eng d | ||
| 050 |
_aPR 1309 _b.G621 1993 |
||
| 100 | _aGoldrick, Emma | ||
| 245 |
_aBaby makes three / _cEmma Goldrick. |
||
| 260 |
_aAustralia : _bMills & Boon, _c1993. |
||
| 300 |
_a186 p. : _c18 cm. |
||
| 650 | _aFiction. | ||
| 942 |
_cBK _2lcc |
||
| 999 |
_c20254 _d20254 |
||